<?xml version="1.0" encoding="UTF-8"?>
<record
    xmlns:xsi="http://www.w3.org/2001/XMLSchema-instance"
    xsi:schemaLocation="http://www.loc.gov/MARC21/slim http://www.loc.gov/standards/marcxml/schema/MARC21slim.xsd"
    xmlns="http://www.loc.gov/MARC21/slim">

  <leader>00887nam a2200205Ia 4500</leader>
  <controlfield tag="003">OSt</controlfield>
  <controlfield tag="005">20240724093149.0</controlfield>
  <controlfield tag="008">210210b2016   xxu||||| |||| 00| 0 eng d</controlfield>
  <datafield tag="020" ind1=" " ind2=" ">
    <subfield code="a">9788126049596</subfield>
  </datafield>
  <datafield tag="040" ind1=" " ind2=" ">
    <subfield code="c">AL</subfield>
  </datafield>
  <datafield tag="041" ind1=" " ind2=" ">
    <subfield code="a">Kannada</subfield>
  </datafield>
  <datafield tag="082" ind1=" " ind2=" ">
    <subfield code="a">K894.109 ASHB</subfield>
  </datafield>
  <datafield tag="100" ind1=" " ind2=" ">
    <subfield code="a">ASHADEVI (M S)</subfield>
    <subfield code="d">&#xC86;&#xCB6;&#xCBE;&#xCA6;&#xCC7;&#xCB5;&#xCBF; (&#xC8E;&#xCAE;&#xCCD; &#xC8E;&#xCB8;&#xCCD;)</subfield>
    <subfield code="9">174012</subfield>
  </datafield>
  <datafield tag="245" ind1=" " ind2=" ">
    <subfield code="a">Belakiginta bellage: Vachanakartiyaru haghu madhyayugina mahila anubhavigalu; strivadadondigina anusandhana</subfield>
    <subfield code="b">&#xCAC;&#xCC6;&#xCB3;&#xC95;&#xCBF;&#xC97;&#xCBF;&#xC82;&#xCA4; &#xCAC;&#xCC6;&#xCB3;&#xCCD;&#xCB3;&#xC97;&#xCC6;: &#xCB5;&#xC9A;&#xCA8;&#xC95;&#xCBE;&#xCB0;&#xCCD;&#xCA4;&#xCBF;&#xCAF;&#xCB0;&#xCC1; &#xCB9;&#xCBE;&#xC97;&#xCC1; &#xCAE;&#xCA7;&#xCCD;&#xCAF;&#xCAF;&#xCC1;&#xC97;&#xCC0;&#xCA8; &#xCAE;&#xCB9;&#xCBF;&#xCB3;&#xCBE; &#xC85;&#xCA8;&#xCC1;&#xCAD;&#xCBE;&#xCB5;&#xCBF;&#xC97;&#xCB3;&#xCC1;; &#xCB8;&#xCCD;&#xCA4;&#xCCD;&#xCB0;&#xCC0;&#xCB5;&#xCBE;&#xCA6;&#xCA6;&#xCCA;&#xC82;&#xCA6;&#xCBF;&#xC97;&#xCBF;&#xCA8; &#xC85;&#xCA8;&#xCC1;&#xCB8;&#xC82;&#xCA7;&#xCBE;&#xCA8; </subfield>
  </datafield>
  <datafield tag="260" ind1=" " ind2=" ">
    <subfield code="a">Nava Dehali</subfield>
    <subfield code="b">Sahity Akademi</subfield>
    <subfield code="c">2016</subfield>
  </datafield>
  <datafield tag="300" ind1=" " ind2=" ">
    <subfield code="a">208</subfield>
  </datafield>
  <datafield tag="690" ind1=" " ind2=" ">
    <subfield code="a">Kannada Poetry Criticism</subfield>
    <subfield code="9">174013</subfield>
  </datafield>
  <datafield tag="906" ind1=" " ind2=" ">
    <subfield code="a">072032</subfield>
  </datafield>
  <datafield tag="942" ind1=" " ind2=" ">
    <subfield code="2">ddc</subfield>
    <subfield code="c">BK</subfield>
  </datafield>
  <datafield tag="999" ind1=" " ind2=" ">
    <subfield code="c">121960</subfield>
    <subfield code="d">121960</subfield>
  </datafield>
  <datafield tag="952" ind1=" " ind2=" ">
    <subfield code="0">0</subfield>
    <subfield code="1">0</subfield>
    <subfield code="4">0</subfield>
    <subfield code="7">0</subfield>
    <subfield code="8">Kannada</subfield>
    <subfield code="a">AL</subfield>
    <subfield code="b">AL</subfield>
    <subfield code="c">Kannada Literature</subfield>
    <subfield code="d">2021-02-17</subfield>
    <subfield code="e">Sahitya Akademi, Bangalore</subfield>
    <subfield code="g">130.00</subfield>
    <subfield code="l">1</subfield>
    <subfield code="o">K894.109 ASHB</subfield>
    <subfield code="p">072032</subfield>
    <subfield code="r">2022-12-03 00:00:00</subfield>
    <subfield code="s">2022-11-19</subfield>
    <subfield code="w">2021-02-17</subfield>
    <subfield code="y">BK</subfield>
  </datafield>
</record>
